• AIU
  • Tony Wilmot Memorial Library

Possibilities and limitations of functional literacy : (Record no. 35882)

MARC details
000 -LEADER
fixed length control field 00575nam a22001931a 4500
003 - CONTROL NUMBER IDENTIFIER
control field NEGST
005 - DATE AND TIME OF LATEST TRANSACTION
control field 20110718132059.0
008 - FIXED-LENGTH DATA ELEMENTS--GENERAL INFORMATION
fixed length control field 030618s 001 0 eng d
020 ## - INTERNATIONAL STANDARD BOOK NUMBER
International Standard Book Number 9231010751
100 1# - MAIN ENTRY--PERSONAL NAME
Personal name Furter, Pierre.
245 10 - TITLE STATEMENT
Title Possibilities and limitations of functional literacy :
Remainder of title the Iranian experiment /
Statement of responsibility, etc Pierre Furter.
Medium [Text]
260 ## - PUBLICATION, DISTRIBUTION, ETC. (IMPRINT)
Place of publication, distribution, etc [S.l.]
Name of publisher, distributor, etc Unesco
300 ## - PHYSICAL DESCRIPTION
Extent 59p.
440 #0 - SERIES STATEMENT/ADDED ENTRY--TITLE
Title Educational studies and documents ;
Volume number/sequential designation 9
500 ## - GENERAL NOTE
General note Includes bibliography.
590 ## - LOCAL NOTE (RLIN)
Local note Accession number: 19816
650 #0 - SUBJECT ADDED ENTRY--TOPICAL TERM
Topical term or geographic name as entry element Literacy
General subdivision Iran.
Holdings
Withdrawn status Lost status Source of classification or shelving scheme Damaged status Not for loan Collection code Home library Current library Shelving location Date acquired Cost, normal purchase price Total Checkouts Full call number Barcode Date last seen Copy number Price effective from Koha item type
    Library of Congress Classification     General Circulation AIU/NEGST - Tony Wilmot Memorial Library AIU/NEGST - Tony Wilmot Memorial Library General Stacks 11/12/2009 6.00   LC 157.J7F87 1973 R05897W3232 09/02/2019 1 11/12/2009 Books